00382nam a2200121Ia 4500008004000000082001100040100002900051245007000080260003900150300000800189440000600197650005700203210210b1922 xxu||||| |||| 00| 0 eng d a090/81 aPILLAI (L D Swamikannu). aIndian ephemeries A D 700 to A D 1799: A D 800 to A D 999. Vol.2. aMadrasbGovernment of Madrasc1922 a401 a2 aTithis Nakshatras Hijra Saka Vikrama Kaliyuga kollam